| 000 | 00875nam a2200241 a 4500 | ||
|---|---|---|---|
| 001 | BRCA_3538 | ||
| 005 | 20190320204326.0 | ||
| 008 | 290709s1868----gw-#---###---#000-0#ger-# | ||
| 041 | _ager | ||
| 044 | _agw | ||
| 050 | 4 |
_aF1233.M3 _b.R58 1868 |
|
| 100 | 1 |
_aRiva Palacio, Mariano _d1803-1880 _99180 |
|
| 245 | 1 | 0 |
_aDenkschrift Über den Prozess des erzherzogs Ferdinand Maximilian von Oesterreich _cMariano Riva Palacio y Rafael Martínez de la Torre. |
| 260 |
_aHamburgo, Alemania _bOtto Meissner _c1868 |
||
| 300 |
_a192 p. _c23 cm. |
||
| 500 | _aB205 | ||
| 500 | _aSeparata Mitt d. k. k. Geogr. Gesellschaft. Heft 9.u.10 | ||
| 600 | 1 | 4 |
_aMaximiliano _cEmperador de México _d1832-1867 _94582 |
| 651 | 4 |
_aMéxico _xHistoria _yIntervención francesa, 1861-1867 _99181 |
|
| 700 | 1 |
_aMartínez de la Torre, Rafael _d1828-1876 _ecoaut _99182 |
|
| 902 | _aGFM | ||
| 942 |
_2lcc _cB |
||
| 999 |
_c3273 _d3273 |
||